| 000 | 00566nam a2200181 i 4500 | ||
|---|---|---|---|
| 001 | 86026 | ||
| 003 | ES-MaACL | ||
| 005 | 20240131063029.0 | ||
| 007 | t| | ||
| 008 | 041207s1953 ag ||||1| spa d | ||
| 100 | 1 |
_aKennedy, Margaret, _d1896-1967 _967845 |
|
| 245 | 1 | 0 |
_aLucy Carmichael / _cMargaret Kennedy ; [traducción de Lucrecia Moreno]. |
| 260 |
_aBuenos Aires : _bEmecé, _c[1953] ( _fImpresora Argentina) |
||
| 300 |
_a433 p. ; _c19 cm. |
||
| 700 | 1 |
_aMoreno, Lucrecia. _983300 |
|
| 852 |
_aES-MaACL _jA-7493 _bR.96486 |
||
| 999 |
_c86026 _d86026 |
||